Fallout New Vegas Locations - Statistics

General Stats
  • This quiz has been taken 123 times
  • The average score is 34 of 183
Answer Stats
Locations % Correct
Goodsprings
93%
Novac
80%
Primm
79%
Nipton
70%
The Fort
66%
Camp McCarran
60%
Hoover Dam
59%
Jacobstown
57%
Mojave Outpost
54%
Vault 3
54%
Nelson
52%
Hidden Valley
50%
Red Rock Canyon
50%
Nellis Air Force Base
49%
Black Mountain
48%
Camp Searchlight
48%
Cottonwood Cove
46%
Vault 22
46%
Quarry Junction
44%
Camp Golf
43%
Sloan
43%
Vault 11
43%
Boulder City
41%
Helios One
41%
The Strip North Gate
39%
Bitter Springs
38%
Gun Runners
38%
Vault 19
38%
Goodsprings Cemetery
37%
Goodsprings Source
37%
NCR Correctional Facility
37%
Vault 34
37%
Camp Forlorn Hope
33%
Ranger Station Alpha
33%
Ranger Station Charlie
33%
The Thorn
32%
Ranger Station Delta
30%
Raul's Shack
30%
188 Trading Post
29%
Goodsprings Cave
29%
Nellis Hangars
29%
Ranger Station Bravo
29%
Ranger Station Echo
29%
REPCONN Headquarters
28%
Searchlight Airport
28%
Jean Sky Diving
26%
Neil's Shack
26%
Ranger Station Foxtrot
26%
Powder Ganger Camp North
24%
Powder Ganger Camp South
24%
Powder Ganger Camp West
24%
Nellis Array
23%
Powder Ganger Camp East
23%
REPCONN Test Site
23%
Cazador Nest
22%
The Devil's Gullet
22%
Cottonwood Overlook
21%
Crashed Vertibird
21%
Legate's Camp
21%
Red Rock Drug Lab
21%
Remnants Bunker
21%
The Devil's Throat
21%
Broc Flower Cave
18%
Follower's Outpost
18%
Lone Wolf Radio
18%
Crimson Caravan Company
17%
Freeside's East Gate
17%
H&H Tools Factory
17%
Ivanpah Dry Lake
17%
North Vegas Square
17%
Sniper's Nest
17%
Brotherhood of Steel Safehouse
16%
Charleston Cave
16%
Freeside's North Gate
16%
Lake Las Vegas
16%
NCR Sharecropper Farms
16%
New Vegas Medical Clinic
16%
Yangtze Memorial
16%
Bonnie Springs
15%
Caesar's Legion Safehouse
15%
Cannibal Johnson's Cave
15%
Chance's Map
15%
Gibson Scrap Yard
15%
Mole Rat Ranch
15%
Wolfhorn Ranch
15%
Camp Guardian
13%
Crashed B-29
13%
Dead Wind Cavern
13%
NCR Ranger Safehouse
13%
Primm Pass
13%
Ruby Hill Mine
13%
Scorpion Gulch
13%
Sunset Sarsaparilla Headquarters
13%
Coyote Den
12%
Durable Dunn's Sacked Caravan
12%
Cassidy Caravans Wreckage
11%
Coyote Tail Ridge
11%
El Rey Motel
11%
Jack Rabbit Springs
11%
Silver Peak Mine
11%
Tribal Village
11%
Aerotech Office Park
10%
Callville Bay
10%
Crescent Canyon East
10%
Crescent Canyon West
10%
Miguel's Pawn Shop
10%
Old Nuclear Test Site
10%
Bitter Springs Recreation Area
9%
El Dorado Substation
9%
Field's Shack
9%
Great Khan Encampment
9%
Grub n' Gulp Rest Stop
9%
Nevada Highway Patrol Station
9%
Nipton Road Rest Stop
9%
The Prospector's Den
9%
Westside South Entrance
9%
Westside West Entrance
9%
Bradley's Shack
7%
Cottonwood Crater
7%
Coyote Mines
7%
East Pump Station
7%
Horowitz Farmstead
7%
Mesquite Mountains Crater
7%
Monte Carlo Suites
7%
Scavenger Platform
7%
South Vegas Ruins East Entrance
7%
South Vegas Ruins West Entrance
7%
Techatticup Mine
7%
Toxic Dump Site
7%
West Pump Station
7%
Ant Mound
6%
Black Rock Cave
6%
Blue Paradise Vacation Rentals
6%
Brewer's Beer Bootlegging
6%
Brooks Tumbleweed Ranch
6%
California Sunset Drive-In
6%
Cap Counterfeiting Shack
6%
Cliffside Prospector Camp
6%
Griffin Wares Sacked Caravan
6%
Harper's Shack
6%
Lake Mead Cave
6%
Lucky Jim Mine
6%
Matthews Animal Husbandry Farm
6%
New Vegas Steel
6%
Wrecked Highwayman
6%
Bloodborne Cave
5%
El Dorado Dry Lake
5%
El Dorado Gas and Service
5%
Emergency Service Railyard
5%
Fisherman's Pride Shack
5%
Guardian Peak
5%
Hidden Supply Cave
5%
Hunter's Farm
5%
Legion Raid Camp
5%
Makeshift Great Khan Camp
5%
Mesquite Mountains Camp Site
5%
Nipton Road Pit Stop
5%
Nopah Cave
5%
Poseidon Gas Station
5%
Raided Farmstead
5%
South Cistern
5%
Allied Technologies Office
4%
Boulder Beach Campground
4%
Clark Field
4%
Fire Root Cavern
4%
Gypsum Train Yard
4%
Highway 95 Viper's Encampment
4%
Morning Star Cavern
4%
Mountain Shadows Campground
4%
Samson Rock Crushing Plant
4%
Searchlight East Gold Mine
4%
Searchlight North Gold Mine
4%
Southern Nevada Wind Farm
4%
The Basincreek Building
4%
Whittaker Farmstead
4%
Deserted Shack
2%
Junction 15 Railway Station
2%
Smith Mesa Prospector Camp
2%
Snyder Prospector Camp
2%
Walking Box Cavern
2%
Ivanpah Racing Track
1%
Spring Mountain Ranch State Park
1%
Follower's Ranch
0%
No matching quizzes found
Score Distribution
Percent of People with Each Score
Percentile by Number Answered
Your Score History
You have not taken this quiz